• 首页
  • 本馆介绍
  • 公告通知
  • 最新文献
  • 馆藏检索
  • 电子资源
  • 读者导购
  • 参考咨询
  • 我的图书馆
  • 登录
  • 详细信息显示
  • 放入我的书架
  • 预约/预借图书
  • 作者相关作品
  • 分类相关作品
  • 丛书相关作品
  • 出版社相关作品

书目信息

  • 表格格式
  • 工作单格式
  • 卡片格式
题名:
定向运动与野外生存
    
 
作者: 张惠红 , 陶于 主编
分册:  
出版信息: 北京   高等学校教材  2006
页数: 190页
开本: 23cm
丛书名:
单 册:
中图分类: G826
科图分类:
主题词: 定向运动--高等学校--教材 , 生存--应用训练--教材 , 定向运动 , 生存 , 应用训练
电子资源:
ISBN: 7-04-019145-8
000 01040nam0 2200289 450
001 1262359574
005 20121015171951.48
010    @a7-04-019145-8@dCNY18.00
100    @a20060104d2006 em y0chiy50 ea
101 0  @achi
102    @aCN@b110000
105    @aa z 000yy
200 1  @a定向运动与野外生存@Ading xiang yun dong yu ye wai sheng cun@f张惠红,陶于主编
210    @a北京@c高等学校教材@d2006
215    @a190页@c图@d23cm
300    @a高等学校教材 普通高等学校体育教育专业主干课系列教材
330    @a本书分上、下两篇。上篇为定向运动部分,介绍了定向运动的发展概况、基本知识、基本技能、教学指导、参加比赛、地图制作等内容;下篇为野外生存部分,介绍了野外生存概述、基本知识、基本技能、安全防范与急救等内容。
606 0  @a定向运动@x高等学校@j教材
606 0  @a生存@x应用训练@j教材
606 0  @a定向运动
606 0  @a生存
606 0  @a应用训练
690    @aG826@v4
701  0 @a张惠红@Azhang hui hong@c(女,@f1962~)@4主编
701  0 @a陶于@Atao yu@4主编
801  0 @aCN@bNLC@c20101222
905    @a10447@dG826@eJY289
    
    定向运动与野外生存/张惠红,陶于主编.-北京:高等学校教材,2006
    190页:图;23cm
    高等学校教材 普通高等学校体育教育专业主干课系列教材
    
    ISBN 7-04-019145-8:CNY18.00
    本书分上、下两篇。上篇为定向运动部分,介绍了定向运动的发展概况、基本知识、基本技能、教学指导、参加比赛、地图制作等内容;下篇为野外生存部分,介绍了野外生存概述、基本知识、基本技能、安全防范与急救等内容。
●
相关链接 在E读中查询图书 在五车中查询图书 在当当中查询图书 在豆瓣中查询图书


正题名:定向运动与野外生存     索取号:G826/JY289         预约/预借

序号 登录号 条形码 馆藏地/架位号 状态 备注
1 7828696   278286962   学院路分馆/ [索取号:G826/JY289] 在馆    
2 7828697   278286971   学院路分馆/ [索取号:G826/JY289] 在馆    
唐山师范学院图书馆 欢迎您!
大连网信软件有限公司© 版权所有